000 00641nam a2200181 a 4500
005 20140412111306.0
008 010420s19uu xx 00 eng d
020 _a971-508-018-9
050 _aFil 398.2
_bR524 1995
100 _aRivera, Jr., Augie D.
245 _aAlamat ng ampalaya :
_bthe legend of ampalaya /
_cby Augie D. Rivera, Jr. ; illustrations by kora D. Albano.
250 _aAklat Adarna International Edition
260 _aManila, Philippines :
_bAdarna Book Services, Inc,
_c1995.
300 _a1v. (unp.) ; ill.
650 _aVegetable stories-Philippines
650 _aVegetables legends, Philippines
999 _c103673
_d103673